000 00919cam a2200265 a 4500
001 14657417
005 20260312181714.0
008 061206s2007 enka b 001 0 eng
020 _a0273701487
_qpbk.
020 _a9780273701484
_q(pbk.)
050 0 0 _aHD30.4
_b.S28 2007
082 0 4 _a650.072
_222
100 1 _aSaunders, M. N. K.
245 1 0 _aResearch methods for business students /
_cMark Saunders, Philip Lewis, Adrian Thornhill.
250 _a4th ed.
260 _aHarlow, England ;
_aNew York :
_bFinancial Times/Prentice Hall,
_c2007.
300 _axxvii, 624 p. :
_bcol. ill. ;
_c27 cm.
500 _aPrevious ed.: 2003.
650 0 _aBusiness
_xResearch.
650 0 _aBusiness
_xResearch
_xData processing.
700 1 _aLewis, Philip,
_d1945-
700 1 _aThornhill, Adrian.
856 4 1 _3Table of contents only
_uhttp://www.loc.gov/catdir/toc/fy0704/2006299796.html
942 _2lcc
_cBK
_e4th ed.
_n0
999 _c8991
_d8991